भारत का प्रथम स्वतंत्रता संग्राम 1857-भाग 1-2: (Record no. 210361)

MARC details
000 -LEADER
fixed length control field 00976nam a22002057a 4500
005 - DATE AND TIME OF LATEST TRANSACTION
control field 20250318141207.0
010 ## - LCCN (DPL NO)
LC control number HIN-129528-529
020 ## - INTERNATIONAL STANDARD BOOK NUMBER
International Standard Book Number 9789384930561 (भाग-1)
Terms of availability 750.00
020 ## - INTERNATIONAL STANDARD BOOK NUMBER
International Standard Book Number 9789384930578 (भाग-2)
Terms of availability 750.00
035 ## - SYSTEM CONTROL NUMBER
System control number HN-101874-875
037 ## - SOURCE OF ACQUISITION
Source of stock number/acquisition एजुकेशन गैलरी
082 ## - DEWEY DECIMAL CLASSIFICATION NUMBER
Classification number 954.083
245 ## - TITLE STATEMENT
Title भारत का प्रथम स्वतंत्रता संग्राम 1857-भाग 1-2:
Statement of responsibility, etc वेद प्रकाश सोनी
260 ## - PUBLICATION, DISTRIBUTION, ETC. (IMPRINT)
Place of publication, distribution, etc दिल्ली
Name of publisher, distributor, etc एजुकेशन गैलरी
Date of publication, distribution, etc 2020, 2021
270 ## - ADDRESS
Address 26/25, ब्लॉक-26, गली नं. 12, विश्वास नगर, शाहदरा,
City दिल्ली
Postal code 110032
300 ## - PHYSICAL DESCRIPTION
Extent 2भाग(256; 240 पृ.
Dimensions 22सेमी(सजिल्द)
490 ## - SERIES STATEMENT
Volume number/sequential designation 2 भाग
700 ## - ADDED ENTRY--PERSONAL NAME
Personal name वेद प्रकाश सोनी
9 (RLIN) 79733
942 ## - ADDED ENTRY ELEMENTS (KOHA)
Source of classification or shelving scheme Dewey Decimal Classification
Item type Hindi Books
Classification part 954.083
Call number suffix भारत
Holdings
Withdrawn status Lost status Not for loan Collection code Home library Current library Date acquired Source of acquisition Cost, normal purchase price Full call number Barcode Copy number Cost, replacement price Koha item type
      Non-fiction Ashok Vihar Ashok Vihar 18/03/2025 DBAD 750.00 954.083 भारत HN-101874 1 750.00 Hindi Books
    Not For Loan   Sarojini Nagar Sarojini Nagar 18/03/2025 DBAD 750.00 954.083 भारत HN-101875 2 750.00 Hindi Books

© Delhi Public Library
Hit Counter
free hit counter